000 02149nam a22002772a 4500
020 _a97818466193897
_qPaperback
040 _cNSHSPK
082 _a617.5
_bMAN
100 _aMannu, Gurdeep Singh
_9126764
245 _aENT MCQs for medical students :
_bwith explanatory answers /
_cGurdeep Singh Mannu, Tunde Odutoye and foreword by Samir Soma.
246 0 3 _a ENT multiple choice questions for medical students
250 _aFirst edition.
260 _aLondon :
_bCRC Press, Taylor & Francis Group,
_c2010.
300 _avii, 175 pages :
_c24 cm.
440 _aMasterPass
_9126765
500 _aIncludes index.
500 _aIncludes bibliographical references.
505 0 _aThe Ear -- The Nose -- The Throat -- Head -- Neck -- Surgery.
520 3 _aEar, Nose and Throat (ENT) surgery has traditionally been a difficult and specialised topic in undergraduate medicine and for junior doctors. Many textbooks are too detailed for undergraduate use, or lack self assessment questions to help those wishing to underpin their learning. This concise and easy-to-read self-assessment guide aims to clarify the topic, and find and fill gaps in understanding. The multiple choice questions (MCQs) contained cover all levels of knowledge and the learning objectives of most of the UK medical school curricula, aiding preparation for end of unit, module and final exams for ENT. This book will be a valuable companion for clinics and teaching sessions and an indispensable revision primer for graduate entry medical curricula. 'An excellent means of preparation for medical undergraduate examinations as gaps in core knowledge are quickly revealed. Further, this text is a good guide for students to identify those subject areas requiring more focused study, especially when time is short.' - From the Foreword by Samir Soma
650 0 _aOtolaryngology
_xExaminations, questions, etc.
_9126766
650 0 _aOtolaryngology
_vStudy guides.
_9126767
700 _aOdutoye, Tunde,
_eauthor.
_9126768
700 _aSoma, Sameer,
_eForeworder
_9126769
942 _2ddc
_cBK
999 _c612249
_d612249